| 000 | 00542nam a2200241Ia 4500 | ||
|---|---|---|---|
| 008 | 210210b1797 xxu||||| |||| 00| 0 eng d | ||
| 041 | _aeng | ||
| 082 | _a940/15 | ||
| 100 | _aBARRUEL (Abbe) | ||
| 245 | _aMemoirs illustrating the history of Jacobinism Vol II | ||
| 260 |
_aLondon _b- _c1797 |
||
| 440 | _a2 | ||
| 650 | _aVol | ||
| 650 | _athe | ||
| 650 | _aof | ||
| 650 | _aMemoirs | ||
| 650 | _aJacobinism | ||
| 650 | _aillustrating | ||
| 650 | _aII | ||
| 650 | _ahistory | ||
| 690 | _aEuropean History | ||
| 906 | _a025085 | ||
| 999 |
_c150934 _d150934 |
||